00928nam a2200301uu 450000100070000000500170000700800410002402000150006503500110008003500210009104000130011204100080012508200080013310000260014124500460016725000110021326000360022430000350026050000230029565000200031865000340033870000350037270000400040770000440044770000470049170000400053870000480057899520720260507073408.0060928e20060928 spa  a9701052749 a995207 a(OCoLC)642282751 ccomduadb aspa 4a51510aLarson, Ron4auteaut10aCálculo I : con geometría analítica a8. ed. aMéxico :bMcGraw-Hill,c2006. a692 páginas :bilustraciones aIncluye apendices. 7aCálculo2lemb 7aGeometría analítica2lemb10aHostetler, Robert P.4auteaut10aEdwards, Bruce H.,d1946-4auteaut10aDurán Reyes, Sergio Antonio4trletrl10aHernández Fernández, Ángel4trletrl10aNagore Cázares, Gabriel4trletrl10aMoreno Chávez, Norma Angélica4trletrl